Modern production management (Record no. 541407)

000 -LEADER
fixed length control field 00413cam a22001451 4500
082 ## - DEWEY DECIMAL CLASSIFICATION NUMBER
Classification number 658.5
Author Mark BUF
100 1# - MAIN ENTRY--PERSONAL NAME
Personal name Buffa, Elwood Spencer,
245 10 - TITLE STATEMENT
Title Modern production management
Statement of responsibility, etc. [by] Elwood S. Buffa.
250 ## - EDITION STATEMENT
Edition statement 2d ed.
260 ## - PUBLICATION, DISTRIBUTION, ETC.
Place of publication, distribution, etc. New York,
Name of publisher, distributor, etc. Wiley
Date of publication, distribution, etc. [1962]
300 ## - PHYSICAL DESCRIPTION
Extent xii, 636 p.
Other physical details illus.
Dimensions 24 cm.
526 ## - STUDY PROGRAM INFORMATION NOTE
Program name 0
Interest level 0
Reading level 0
Title point value 658_500000000000000_BUF
650 #0 - SUBJECT ADDED ENTRY--TOPICAL TERM
Topical term or geographic name entry element Factory management.
Topical term following geographic name entry element MCE
942 ## - ADDED ENTRY ELEMENTS (KOHA)
Source of classification or shelving scheme
Koha item type Book
Holdings
Withdrawn status Lost status Source of classification or shelving scheme Damaged status Not for loan Permanent Location Current Location Date acquired Total Checkouts Full call number Barcode Date last seen Copy number Price effective from Koha item type
          Military College of Engineering (MCE) Military College of Engineering (MCE) 07/02/2013   658.5 BUF MCE-02583 07/02/2013 1 07/02/2013 Book
© 2023 Central Library, National University of Sciences and Technology. All Rights Reserved.